[Event "34th Chess Olympiad (men)"]
[Site "Istanbul"]
[Date "2000.11.08"]
[Round "11.59.4"]
[White "Dollah, Zaidi"]
[Black "Oberholzer, Rex"]
[WhiteElo "2000"]
[BlackElo "2200"]
[WhiteCountry "BRU"]
[BlackCountry "NAM"]
[Result "1/2-1/2"]

1. d4 Nf6 2. c4 c5 3. d5 e6 4. Bg5 h6 5. Bh4 g5 6. Bg3 Qa5+ 7. Nc3 Ne4 
8. Qd3 Bg7 9. Rc1 Nxc3 10. bxc3 Qxa2 11. e4 Qb2 12. Qc2 Qxc2 13. Rxc2 O-O 
14. dxe6 dxe6 15. Bd6 Rd8 16. Bxc5 Nc6 17. Nf3 b6 18. Be3 Bb7 19. Be2 Na5 
20. Nd2 Rac8 21. O-O Ba6 22. Ra1 Bxc4 23. Nxc4 Nxc4 24. Rxa7 Nxe3 25. fxe3 Bxc3 
26. Bh5 Rf8 27. Rb7 Rc6 28. e5 Rcc8 29. Kf1 f6 30. exf6 Rxf6+ 31. Ke2 e5 
32. Bg4 Rcc6 33. Bh5 Kf8 34. Rc1 Ba5 35. Rb8+ Kg7 36. Rb7+ Kg8 37. Rb8+ Kg7 
38. Rb7+ Kf8 39. Rb8+ Ke7 40. Re8+ Kd7 41. Rxc6 Rxc6 42. Rxe5 Kd6 43. Rf5 Bc3 
44. Rb5 Ke6 45. Kf3 Be5 46. h3 Rd6 47. Ke4 Bc3 48. Bg4+ Ke7 49. Rd5 Rf6 
50. Bf5 Rc6 51. g4 Rc7 52. Rb5 Rc6 53. Rd5 Bb2 54. Rb5 Bf6 55. Kd5 
1/2-1/2

[Event "34th Chess Olympiad (men)"]
[Site "Istanbul"]
[Date "2000.11.08"]
[Round "11.60.1"]
[White "Luga, Allan"]
[Black "Allen, Daryl"]
[WhiteElo "2000"]
[BlackElo "2000"]
[WhiteCountry "PNG"]
[BlackCountry "ISV"]
[Result "1/2-1/2"]

1. e4 e5 2. d4 exd4 3. Qxd4 Nc6 4. Qd1 Nf6 5. Nd2 Bc5 6. h3 O-O 7. Ngf3 d5 
8. exd5 Qxd5 9. Bc4 Re8+ 10. Kf1 Qf5 11. Bd3 Qh5 12. Nc4 Bf5 13. Be3 Rad8 
14. Ne1 Bxe3 15. Qxh5 Bxd3+ 16. Nxd3 Nxh5 17. Nxe3 Nf6 18. g3 Ne4 19. Kg2 Nd4 
1/2-1/2

[Event "34th Chess Olympiad (men)"]
[Site "Istanbul"]
[Date "2000.11.08"]
[Round "11.60.2"]
[White "Carty, Leo"]
[Black "Press, Shaun"]
[WhiteElo "2000"]
[BlackElo "2000"]
[WhiteCountry "ISV"]
[BlackCountry "PNG"]
[Result "1-0"]

1. d4 Nf6 2. c4 g6 3. Nf3 Bg7 4. e3 d6 5. Be2 O-O 6. Nc3 Nbd7 7. O-O e5 
8. dxe5 dxe5 9. Qc2 c6 10. Bd2 Qc7 11. Rac1 Ne8 12. e4 Nc5 13. Be3 Ne6 
14. Rfd1 f5 15. exf5 gxf5 16. Ng5 h6 17. Nxe6 Bxe6 18. Bc5 Rf6 19. b3 Rg6 
20. f3 b6 21. Ba3 Bf6 22. Bb2 Bg5 23. Ra1 Be3+ 24. Kh1 Rxg2 25. Kxg2 Qg7+ 
26. Kh1 f4 27. Rg1 
1-0

[Event "34th Chess Olympiad (men)"]
[Site "Istanbul"]
[Date "2000.11.08"]
[Round "11.60.3"]
[White "Albis, Jeppers"]
[Black "Jackson, Francis"]
[WhiteElo "2000"]
[BlackElo "2000"]
[WhiteCountry "PNG"]
[BlackCountry "ISV"]
[Result "1-0"]

1. d4 d5 2. c4 Nf6 3. Nc3 e6 4. Bg5 Be7 5. Bxf6 Bxf6 6. cxd5 exd5 7. e3 c6 
8. Bd3 O-O 9. Nge2 Bg4 10. O-O Nd7 11. b4 a6 12. Qb3 Re8 13. a4 Qc7 
14. Rfc1 Be6 15. Nf4 Qd6 16. Ra2 Rec8 17. Nxe6 fxe6 18. Qb1 Nf8 19. f4 Kh8 
20. a5 Be7 21. Rb2 Rcb8 22. Na4 Bd8 23. Qc2 Rc8 24. Qc5 Qxc5 25. bxc5 Bxa5 
26. Rcb1 Nd7 27. Rxb7 Rc7 28. Rxc7 Bxc7 29. Rb7 Rc8 30. Bxa6 Nb8 31. Be2 Kg8 
32. Bg4 Kf7 33. f5 h5 34. Nb6 Rh8 35. Rxc7+ Kf6 36. Be2 exf5 37. Nd7+ Nxd7 
38. Rxd7 Re8 39. Bxh5 Rxe3 40. Rd6+ Kg5 41. Kf2 Re4 42. Bf3 Rxd4 43. Rxc6 Kf4 
44. g3+ Ke5 45. Rg6 Rd2+ 46. Ke3 Rxh2 47. Rd6 Rh3 48. Rxd5+ Ke6 49. c6 Rh8 
50. c7 Ke7 51. Rc5 Kd7 52. Bb7 Re8+ 53. Kd3 
1-0

[Event "34th Chess Olympiad (men)"]
[Site "Istanbul"]
[Date "2000.11.08"]
[Round "11.60.4"]
[White "Heywood, Julius"]
[Black "Marko, Helmut"]
[WhiteElo "2000"]
[BlackElo "2205"]
[WhiteCountry "ISV"]
[BlackCountry "PNG"]
[Result "0-1"]

1. e4 d6 2. d4 Nf6 3. Nc3 g6 4. g3 Bg7 5. Bg2 O-O 6. Nge2 e5 7. dxe5 dxe5 
8. Qxd8 Rxd8 9. Bg5 c6 10. O-O h6 11. Be3 Be6 12. Rad1 Nbd7 13. f4 Ng4 
14. Bd2 Bf8 15. Be1 Ne3 16. Bf2 Nxd1 17. Rxd1 exf4 18. Nxf4 Bg4 19. Rf1 Ne5 
20. Be3 Nc4 21. Bc1 Bc5+ 22. Kh1 Ne3 23. Bxe3 Bxe3 24. e5 Bxf4 25. Rxf4 Bf5 
26. Be4 Bxe4+ 27. Rxe4 Rd2 28. e6 f5 29. Rf4 Kg7 30. Re4 Rf8 31. Kg1 Rxc2 
0-1

[Event "34th Chess Olympiad (men)"]
[Site "Istanbul"]
[Date "2000.11.08"]
[Round "11.61.1"]
[White "Battin, Richard"]
[Black "Rowe, Peter"]
[WhiteElo "2020"]
[BlackElo "2092"]
[WhiteCountry "SEY"]
[BlackCountry "GCI"]
[Result "1/2-1/2"]

1. e4 c5 2. Nf3 d6 3. Bc4 Nc6 4. d4 cxd4 5. Nxd4 Nf6 6. Nc3 g6 7. O-O Bg7 
8. h3 O-O 9. Nf3 Bd7 10. Rb1 Rc8 11. a3 a6 12. Re1 Ne8 13. Be3 Na5 14. Ba2 Nc4 
15. Bxc4 Rxc4 16. Qd3 b5 17. Nd5 Nf6 18. Nd2 Rc8 19. Bb6 Qe8 20. Nc7 Qd8 
1/2-1/2

[Event "34th Chess Olympiad (men)"]
[Site "Istanbul"]
[Date "2000.11.08"]
[Round "11.61.2"]
[White "Cutter, Paul"]
[Black "Renaud, Kenny"]
[WhiteElo "2122"]
[BlackElo "2000"]
[WhiteCountry "GCI"]
[BlackCountry "SEY"]
[Result "1/2-1/2"]

1. e4 c5 2. c3 d5 3. exd5 Qxd5 4. d4 Nc6 5. Nf3 Nf6 6. c4 Qe4+ 7. Be3 Nxd4 
8. Nxd4 cxd4 9. Qxd4 Qxd4 10. Bxd4 g6 11. Nc3 Bd7 12. Nd5 Nxd5 13. cxd5 f6 
14. Rc1 a6 15. Be2 Bg7 16. O-O b5 17. Bf3 Rc8 18. Rxc8+ Bxc8 19. Re1 Kf7 
20. Bc5 Re8 21. d6 exd6 22. Rxe8 Kxe8 23. Bxd6 
1/2-1/2

[Event "34th Chess Olympiad (men)"]
[Site "Istanbul"]
[Date "2000.11.08"]
[Round "11.61.3"]
[White "Kimende, Ralph"]
[Black "Cummins, John"]
[WhiteElo "2202"]
[BlackElo "2000"]
[WhiteCountry "SEY"]
[BlackCountry "GCI"]
[Result "1-0"]

1. e4 c5 2. c3 e5 3. Nf3 Nc6 4. Bc4 Nh6 5. d4 cxd4 6. cxd4 Bb4+ 7. Nc3 exd4 
8. Nxd4 Qf6 9. Ndb5 O-O 10. a3 Bxc3+ 11. Nxc3 Qg6 12. O-O d6 13. Bf4 Ne5 
14. Be2 Kh8 15. Bh5 Qe6 16. Nb5 Qf6 17. Qxd6 Qxd6 18. Nxd6 Nd3 19. Bxh6 gxh6 
20. Nxf7+ Kg7 21. Nd6 Nf4 22. Nxc8 Raxc8 23. Bg4 Rc2 24. b4 h5 25. Bd1 Rc3 
26. g3 Nh3+ 27. Kg2 Ng5 28. Re1 h4 29. f4 h3+ 30. Kf2 Ne6 31. Re3 Rc7 
32. Bg4 Nxf4 33. gxf4 Rxf4+ 34. Kg3 Rf6 35. Kxh3 Rc2 36. Kg3 Rg6 37. Kf4 Rf2+ 
38. Rf3 Rxh2 39. Bf5 Rh4+ 40. Ke5 Rg5 41. Rd1 Kf8 42. Kf6 
1-0

[Event "34th Chess Olympiad (men)"]
[Site "Istanbul"]
[Date "2000.11.08"]
[Round "11.61.4"]
[White "Wilson, Peter"]
[Black "Payet, Amelie"]
[WhiteElo "2000"]
[BlackElo "2010"]
[WhiteCountry "GCI"]
[BlackCountry "SEY"]
[Result "0-1"]

1. e4 d5 2. e5 Bf5 3. d4 e6 4. Bd3 Bxd3 5. Qxd3 c5 6. c3 Nc6 7. Ne2 Rc8 
8. O-O cxd4 9. cxd4 Nge7 10. Nbc3 Nf5 11. a3 h5 12. Be3 h4 13. h3 Be7 
14. Rac1 a6 15. b4 f6 16. Nf4 Kf7 17. g4 hxg3 18. fxg3 Qg8 19. Ncxd5 Qh7 
20. Nb6 Nxe5 21. dxe5 Rxc1 22. Rxc1 g5 23. Nxe6 Qxh3 24. Nxg5+ fxg5 25. e6+ Kg6 
26. Qe4 Qxg3+ 27. Kf1 Rh4 28. Qd3 Qxe3 29. Qxe3 Nxe3+ 30. Ke2 Nf5 31. Kd3 Kf6 
32. Rc7 Kxe6 33. Rxb7 Rh3+ 34. Ke2 Rxa3 35. Nc4 Ra2+ 36. Kf3 Nh4+ 37. Kg3 Rg2+ 
38. Kh3 g4# 
0-1

[Event "34th Chess Olympiad (men)"]
[Site "Istanbul"]
[Date "2000.11.08"]
[Round "11.62.1"]
[White "Murasira, Albert"]
[Black "Righi, Ezio"]
[WhiteElo "2000"]
[BlackElo "2118"]
[WhiteCountry "RWA"]
[BlackCountry "SMR"]
[Result "0-1"]

1. e4 e5 2. Nf3 Nc6 3. Bc4 Bc5 4. c3 Nf6 5. O-O d6 6. d3 O-O 7. a4 a6 8. b4 Ba7 
9. Bg5 h6 10. Bh4 Be6 11. Nbd2 Kh7 12. h3 Qe7 13. Bxf6 Qxf6 14. Nh2 Qe7 
15. Bxe6 Qxe6 16. Kh1 f5 17. Qh5 Ne7 18. Ndf3 Kg8 19. Nd2 Ng6 20. g3 Rf6 
21. Qe2 Rd8 22. c4 Rf7 23. f4 exf4 24. gxf4 fxe4 25. Qxe4 Qxe4+ 26. dxe4 Nxf4 
27. Rf3 Rdf8 28. Raf1 Bd4 29. Ng4 h5 30. Nh2 Be5 31. Nb3 Nxh3 32. Rxf7 Rxf7 
33. Rxf7 Kxf7 34. Kg2 Nf4+ 35. Kf3 Nd3 36. Nf1 Nxb4 37. Ne3 g6 38. c5 dxc5 
39. Nxc5 b6 40. Nd7 Bd4 41. Nd5 Nxd5 42. exd5 h4 43. Nb8 a5 44. Ke4 h3 
45. Kf3 h2 46. Kg2 Be5 47. Nc6 Kf6 48. Kh1 g5 49. Kg2 Kf5 50. Nd8 Ke4 
51. Nf7 g4 52. Nh6 g3 53. Ng4 Kxd5 54. Ne3+ Kc5 55. Nc2 c6 56. Kh1 b5 
57. axb5 cxb5 58. Ne1 a4 59. Nd3+ Kd4 60. Nb4 Kc4 61. Nc6 Bf4 62. Ne7 a3 
63. Ng6 a2 
0-1

[Event "34th Chess Olympiad (men)"]
[Site "Istanbul"]
[Date "2000.11.08"]
[Round "11.62.2"]
[White "Volpinari, Danilo"]
[Black "Minani, Froduald"]
[WhiteElo "2084"]
[BlackElo "2000"]
[WhiteCountry "SMR"]
[BlackCountry "RWA"]
[Result "1-0"]

1. d4 d5 2. Nf3 Nc6 3. Bf4 Nf6 4. e3 Bf5 5. c4 e6 6. Nc3 Be7 7. Rc1 a6 
8. a3 O-O 9. Nh4 Ne4 10. Nxf5 exf5 11. Nxd5 Bd6 12. Bd3 Bxf4 13. Nxf4 Re8 
14. O-O g6 15. Bb1 Kg7 16. b4 Ne7 17. d5 Nc8 18. c5 b6 19. Qd3 bxc5 
20. bxc5 Qf6 21. f3 Ng5 22. h4 Nxf3+ 23. Rxf3 Qxh4 24. Rh3 Qg5 25. Qd4+ Kg8 
26. d6 cxd6 27. cxd6 Rd8 28. d7 Ne7 29. Ba2 Rf8 30. Ne6 fxe6 31. Bxe6+ Rf7 
32. Bxf7+ Kxf7 33. Rxh7+ Ke6 34. Qb6+ Ke5 35. Rc5+ Nd5 36. Qc7+ Ke4 
37. Rc4+ Kd3 38. Rd4+ Kxe3 39. Qe5# 
1-0

[Event "34th Chess Olympiad (men)"]
[Site "Istanbul"]
[Date "2000.11.08"]
[Round "11.62.3"]
[White "Mutabazi, Fidele"]
[Black "Renzi, Nicola"]
[WhiteElo "2000"]
[BlackElo "2000"]
[WhiteCountry "RWA"]
[BlackCountry "SMR"]
[Result "0-1"]

1. e4 d6 2. d4 Nf6 3. Nc3 c6 4. Be2 Nbd7 5. Nf3 e5 6. dxe5 dxe5 7. O-O Bb4 
8. Bd2 O-O 9. a3 Ba5 10. Re1 Qc7 11. Bc4 b5 12. Bd3 Bb6 13. b4 a6 14. Be3 Bxe3 
15. Rxe3 Bb7 16. h3 c5 17. Nd2 cxb4 18. Ne2 bxa3 19. Rxa3 Rfd8 20. Qb1 Nc5 
21. Rc3 Qd6 22. Ng3 Nxd3 23. Rexd3 Qe6 24. Qb4 g6 25. f3 Rac8 26. Rxd8+ Rxd8 
27. Nb3 Qb6+ 28. Qc5 Qxc5+ 29. Rxc5 Rc8 30. Rxc8+ Bxc8 31. Ne2 Kf8 32. Kf2 Ke7 
33. Ke1 Kd6 34. c3 Nd7 35. h4 Nc5 36. Nec1 Nxb3 37. Nxb3 Be6 38. Nd2 Kc5 
39. Kd1 Bc4 40. Kc2 a5 41. g3 b4 42. Kb2 Be6 43. g4 bxc3+ 44. Kxc3 a4 45. g5 a3 
46. Nf1 a2 47. Kb2 Kd4 48. Nh2 Ke3 49. Ng4+ Bxg4 
0-1

[Event "34th Chess Olympiad (men)"]
[Site "Istanbul"]
[Date "2000.11.08"]
[Round "11.62.4"]
[White "Cecchetti, Roberto"]
[Black "Uwihoreye, Charles"]
[WhiteElo "2000"]
[BlackElo "2000"]
[WhiteCountry "SMR"]
[BlackCountry "RWA"]
[Result "1-0"]

1. d4 Nf6 2. Nf3 d6 3. Bf4 Nbd7 4. e3 e6 5. c4 Be7 6. h3 c6 7. Bd3 d5 8. c5 h6 
9. Nc3 b5 10. a3 a5 11. Qe2 Nh7 12. Qc2 Ng5 13. Ne5 Nxe5 14. Bxe5 f6 
15. Bh2 Ba6 16. b4 a4 17. Ne2 Qd7 18. Bg6+ Nf7 19. Nf4 Bf8 20. Bh5 O-O-O 
21. Nxe6 Ng5 22. Nxg5 f5 23. Nf7 Be7 24. Nxh8 Rxh8 25. O-O-O Qe6 26. g4 Rf8 
27. gxf5 Qf6 28. Be5 Qg5 29. Bg4 Bf6 30. Bf4 Qh4 31. Bg3 Qg5 32. f4 Qxg4 
33. hxg4 Bd8 34. e4 Kb8 35. e5 Bc8 36. Qh2 Bd7 37. e6 Be8 38. Qh3 Kb7 
39. g5 hxg5 40. Qh7 Bf6 41. Rh6 Kc8 42. Rxf6 Rxf6 43. fxg5 
1-0

[Event "34th Chess Olympiad (men)"]
[Site "Istanbul"]
[Date "2000.11.08"]
[Round "11.63.1"]
[White "Kveinys, Aloyzas"]
[Black "Krylov, Sergey"]
[WhiteElo "2522"]
[BlackElo "2344"]
[WhiteCountry "LTU"]
[BlackCountry "IBSA"]
[Result "1-0"]

1. e4 c5 2. Nf3 Nc6 3. Bb5 g6 4. O-O Bg7 5. c3 Nf6 6. Re1 O-O 7. d4 d5 
8. e5 Ne4 9. Bxc6 bxc6 10. Nbd2 Nxd2 11. Nxd2 c4 12. Qf3 Be6 13. Qg3 Qd7 
14. h3 f6 15. exf6 exf6 16. b3 Rfe8 17. Ba3 cxb3 18. axb3 a5 19. Bc5 Bf5 
20. Rxe8+ Qxe8 21. Qc7 Bh6 22. Nf3 Bc2 23. Re1 Be4 24. Nh2 Qc8 25. Qd6 f5 
26. Qg3 Qb8 27. Bd6 Qxb3 28. f3 Bd3 29. Qe5 Qxc3 30. Qe6+ Kh8 31. Be5+ Bg7 
32. Bxg7+ Kxg7 33. Qe5+ Kg8 34. Qe3 a4 35. Rb1 Qb3 36. Qe6+ Kg7 37. Qe7+ Kh6 
38. Re1 Be4 39. fxe4 dxe4 40. Nf3 a3 41. h4 Qb6 42. Ne5 Qxd4+ 43. Kh2 Ra7 
44. Qf8+ Kh5 45. Qf6 Qd2 46. Rf1 a2 47. Rf2 Qe3 48. Rxf5+ gxf5 49. Qxf5+ Kh6 
50. Qf6+ 
1-0

[Event "34th Chess Olympiad (men)"]
[Site "Istanbul"]
[Date "2000.11.08"]
[Round "11.63.2"]
[White "Berlinsky, Vladimir"]
[Black "Ruzele, Darius"]
[WhiteElo "2352"]
[BlackElo "2541"]
[WhiteCountry "IBSA"]
[BlackCountry "LTU"]
[Result "1/2-1/2"]

1. e4 c5 2. Nf3 e6 3. d4 cxd4 4. Nxd4 a6 5. Nc3 b5 6. a3 Bb7 7. Be2 Qc7 
8. f4 Nc6 9. Be3 Rc8 10. Qd2 Nf6 11. Nxc6 Bxc6 12. Qd4 Qb7 13. Bf3 b4 
14. axb4 Bxb4 15. O-O O-O 16. e5 Bxc3 17. bxc3 Nd5 18. Rfb1 Qc7 19. Rxa6 Nxe3 
20. Bxc6 Nxc2 21. Qxd7 Qxd7 22. Bxd7 Rxc3 23. Rc1 g6 24. Ra2 Nb4 25. Rxc3 Nxa2 
26. Rc8 Rxc8 27. Bxc8 Nb4 28. Bb7 h6 29. Be4 g5 30. g3 Kg7 31. Kf2 Na6 
32. h3 Nc5 33. Bc2 f6 34. exf6+ Kxf6 35. Ke3 e5 
1/2-1/2

[Event "34th Chess Olympiad (men)"]
[Site "Istanbul"]
[Date "2000.11.08"]
[Round "11.63.3"]
[White "Sakalauskas, Vaidas"]
[Black "Dukaczewski, Piotr"]
[WhiteElo "2420"]
[BlackElo "2292"]
[WhiteCountry "LTU"]
[BlackCountry "IBSA"]
[Result "0-1"]

1. d4 d5 2. c4 dxc4 3. e4 c5 4. d5 e6 5. Bxc4 Nf6 6. Nc3 exd5 7. Nxd5 Nxd5 
8. Bxd5 Be7 9. Nf3 O-O 10. O-O Qb6 11. Ne5 Be6 12. Nc4 Qc7 13. Qb3 Nc6 
14. Be3 Rab8 15. Bxe6 fxe6 16. Nd2 Rf6 17. f4 b5 18. e5 c4 19. Qd1 Rf5 
20. Ne4 Rd8 21. Qe2 Nb4 22. a4 bxa4 23. Ng3 Rf7 24. Rxa4 a6 25. Kh1 Qc6 
26. Raa1 Nd3 27. Rab1 Bb4 28. Qg4 a5 29. h3 Kh8 30. Kh2 g6 31. h4 Rg7 
32. Qf3 Qxf3 33. Rxf3 Ra7 34. Ne2 Be7 35. Bd4 Bxh4 36. Ra1 Rd5 37. Bc3 Bd8 
38. Nd4 
0-1

[Event "34th Chess Olympiad (men)"]
[Site "Istanbul"]
[Date "2000.11.08"]
[Round "11.63.4"]
[White "Wassin, Sergey"]
[Black "Slapikas, Vytautas"]
[WhiteElo "2305"]
[BlackElo "2430"]
[WhiteCountry "IBSA"]
[BlackCountry "LTU"]
[Result "1/2-1/2"]

1. d4 d6 2. c4 e5 3. dxe5 dxe5 4. Qxd8+ Kxd8 5. Nc3 Be6 6. b3 Nc6 7. Bb2 a5 
8. O-O-O Kc8 9. e3 Nf6 10. Nf3 h6 11. h3 Nd7 12. g4 Nc5 13. Nd5 f6 14. Nh4 Bf7 
15. Bd3 Bxd5 16. cxd5 Nxd3+ 17. Rxd3 Nb4 18. Rd2 Nxa2+ 19. Kb1 Nb4 20. Rc1 Ra6 
21. Rc4 Kd7 22. Ng6 Rg8 23. Nxf8+ Rxf8 24. Ba3 Rb6 25. Kb2 Rb5 26. h4 Rd8 
27. h5 Rg8 28. e4 g6 29. hxg6 Rxg6 30. f3 Rb6 31. Kc3 Na6 32. Rh2 c6 
33. dxc6+ Rxc6 34. Bf8 Rxc4+ 35. Kxc4 Kc6 36. Rxh6 Rxh6 37. Bxh6 Nc5 
38. g5 fxg5 39. Bxg5 Ne6 40. Bd2 b5+ 41. Kc3 Nd4 42. f4 Ne2+ 43. Kc2 exf4 
44. Kd3 f3 45. Bxa5 Nd4 46. Ke3 Nxb3 47. Bc3 Kc5 48. Kxf3 Kc4 49. Bb2 Nc5 
50. Ba1 Kd3 51. e5 Ne6 52. Kg4 Ke4 53. Bc3 Nc5 54. Kg5 b4 55. Bxb4 Kxe5 
1/2-1/2